00358nam a22001337a 4500003000400000020001900004082001800023100002300041245005700064250000800121260006600129300001000195650001900205SGT a978-9352701117 a617.645bE18R a Shantipriya Reddy aEssentials of Clinical Periodontology & Periodontics a5TH aNEW DELHI b Jaypee Brothers Medical Publishers Pvt Ltdc2018 a1-582 aPeriodontology